Dosa Isteri Yang Dibenci Suami : Memperbaiki Diri Agar Disayangi Suami

Bibliographic Details
Main Author: Muhammad Ibrahim Al-Hamd
Format: Book
Published: Kuala Lumpur : Synergy media
Series:Siri Dosa Manusia

MARC

LEADER 00000cam a2200000 7i4500
001 0000050365
005 20150709.0
008 150709
020 |a 9789673714841 
090 0 0 |a 297.57082   |b MUH 
100 1 |a Muhammad Ibrahim Al-Hamd 
245 1 0 |a Dosa Isteri Yang Dibenci Suami :   |b Memperbaiki Diri Agar Disayangi Suami   |c Muhammad Ibrahim Al-Hamd 
260 |a Kuala Lumpur :   |b Synergy media 
490 0 |a Siri Dosa Manusia 
999 |a 0001166269   |b Book   |c Adult Collection   |e Cawangan Bukit Gambir 
999 |a 0001166270   |b Book   |c Adult Collection   |e Cawangan Bandar Penawar 
999 |a 0001166271   |b Book   |c Adult Collection   |e Cawangan Mersing 
999 |a 0001166273   |b Book   |c Adult Collection   |e Cawangan Kota Tinggi 
999 |a 0001166274   |b Book   |c Adult Collection   |e Cawangan Tangkak 
999 |a 0001166275   |b Book   |c Adult Collection   |e Cawangan Muar 
999 |a 0001166277   |b Book   |c Adult Collection   |e Cawangan Sri Merlong 
999 |a 0001166279   |b Book   |c Adult Collection   |e Cawangan Segamat 
999 |a 0001166280   |b Book   |c Adult Collection   |e Cawangan Pontian